| 000 | 00504nam a2200193Ia 4500 | ||
|---|---|---|---|
| 003 | GCL | ||
| 008 | 140319s9999 xx 000 0 aRus d | ||
| 040 |
_aGCL / _cGCL |
||
| 082 | 0 | 4 |
_a860 _bD A |
| 100 | 1 | _aDE LARRA, MARIANO JOSE | |
| 245 | 1 | 0 |
_aARTICULOS VARIOS / _cDE LARRA, MARIANO JOSE |
| 260 |
_a[S.N] : _bCLASICO CASTALIA ، _c1992 |
||
| 300 | _a580 | ||
| 650 | 0 | 4 | _aARTICLES- LITERATURE |
| 650 | 0 | 4 | _aARTICLES |
| 650 | 0 | 4 | _aSPANISH LITERATURE |
| 650 | 0 | 4 | _aSPANISH ARTICLES |
| 942 |
_2ddc _cBK |
||
| 999 |
_c12794 _d12794 |
||